000 00912nam a22002177a 4500
999 _c16259
_d16259
003 AR-CdUCM
008 190502b ||||| |||| 00| 0 spa d
040 _aMUNICIPALIDAD PROVINCIAL DEL CUSCO
_cBIBLIOTECA MUNICIPAL DEL CUSCO
041 _heng.
082 _a658.8 /
_bK18
100 _aKramer, Roland Laird,
_935600
245 _aMercadotecnia internacional /
260 _aMéxico, D.F :
_bCentro Regional de Ayuda Técnica, Agencia para el desarrollo,
_c1964.
300 _avx,686 paginas ;
_bIlustraciones, diagramas
_c23 cm.
505 _aContenido :Las bases y la promoción de los mercados internacionales --Organizaciones y métodos de la promoción de mercados internacionales --Aspectos técnicos y financieros /
650 _aMercadotecnia
_910603
650 _aComercio internacional
_94073
700 _aFrancisco Rostro (trductor)
_935601
942 _2ddc
_cLIBROS
945 _arjall
_d2019-05-02